[Event "Santiago de Compostela Bicapawn GP Rap"]
[Site "Santiago de Compostela"]
[Date "2022.10.22"]
[Round "1"]
[White "Gonzalez Perez, Arian"]
[Black "Sanchez Liso, Juan Antonio"]
[Result "1-0"]
[WhiteElo "2400"]
[BlackElo "1521"]
[PlyCount "76"]
[EventDate "2022.10.22"]
[EventType "swiss (rapid)"]
[EventRounds "9"]
[EventCountry "ESP"]
[SourceTitle "CBM 210 Extra"]
[Source "ChessBase"]
[SourceDate "2022.11.30"]
[SourceVersion "1"]
[SourceVersionDate "2022.11.30"]
[SourceQuality "1"]

1. d4 Nf6 2. c4 e5 3. dxe5 Ng4 4. Bf4 Nc6 5. Nf3 Bb4+ 6. Nc3 Bxc3+ 7. bxc3 Qe7 8. Qd5 f6 9. exf6 Nxf6 10. Qd3 d6 11. g3 0-0 12. Bg2 Re8 13. 0-0 Qxe2 14. Qxe2 Rxe2 15. Nd4 Nxd4 16. cxd4 Be6 17. Bxb7 Rb8 18. Bf3 Rc2 19. d5 Bg4 20. Bg2 Be2 21. Rfc1 Rxc4 22. Be3 a5 23. h3 a4 24. Re1 Rc2 25. Bd4 Kf7 26. Rac1 Bd3 27. Rxc2 Bxc2 28. Re3 Rb4 29. Rc3 Rxd4 30. Rxc7+ Kg6 31. Rxc2 Nxd5 32. a3 Kf6 33. Bxd5 Rxd5 34. Rc4 Ra5 35. Kf1 d5 36. Rb4 Ke5 37. Ke2 d4 38. Kd3 Kd5 1-0

[Event "Oviedo op 8th"]
[Site "Oviedo"]
[Date "2022.07.22"]
[Round "8"]
[White "Sanchez Liso, Juan Antonio"]
[Black "Garcia Alvarez, Javier II"]
[Result "1-0"]
[WhiteElo "1469"]
[BlackElo "1675"]
[PlyCount "67"]
[EventDate "2022.07.17"]
[EventType "swiss"]
[EventRounds "9"]
[EventCountry "ESP"]
[SourceTitle "CBM 209 Extra"]
[Source "ChessBase"]
[SourceDate "2022.09.30"]
[SourceVersion "1"]
[SourceVersionDate "2022.09.30"]
[SourceQuality "1"]

1. d4 d5 2. Bf4 Nf6 3. e3 Bf5 4. c4 c6 5. Qb3 Qb6 6. Nc3 e6 7. c5 Qxb3 8. axb3 Nbd7 9. b4 Nh5 10. Bc7 Rc8 11. Be5 f6 12. Bd6 Bxd6 13. cxd6 a6 14. Be2 g6 15. g4 Bxg4 16. Bxg4 Ng7 17. f4 f5 18. Be2 Nb8 19. Nf3 Rd8 20. Na4 Rxd6 21. Nc5 b6 22. Nxa6 0-0 23. Nxb8 Rxb8 24. Ra7 c5 25. Kf2 cxd4 26. exd4 Nh5 27. Ke3 Nf6 28. Ne5 Rc8 29. Rg1 Ne8 30. Bb5 Nf6 31. Nf7 Rdc6 32. Bxc6 Rxc6 33. Nh6+ Kh8 34. Re7 1-0

[Event "Madrid-ch Previa-A"]
[Site "Madrid"]
[Date "2022.03.21"]
[Round "7"]
[White "Sanchez Liso, Juan Antonio"]
[Black "Ortega Molina, Tomas"]
[Result "0-1"]
[WhiteElo "1418"]
[BlackElo "1627"]
[PlyCount "89"]
[EventDate "2022.03.07"]
[EventType "swiss"]
[EventRounds "9"]
[EventCountry "ESP"]
[SourceTitle "EXT 2023"]
[Source "ChessBase"]
[SourceDate "2022.10.05"]
[SourceVersion "1"]
[SourceVersionDate "2022.10.05"]
[SourceQuality "1"]

1. e4 c5 2. d4 cxd4 3. c3 dxc3 4. Nxc3 Nc6 5. Nf3 d6 6. Bc4 e6 7. 0-0 Be7 8. Qe2 a6 9. Rd1 Qc7 10. Bf4 b5 11. Bb3 h6 12. Rac1 Bb7 13. Nd5 Qd8 14. Nxe7 Qxe7 15. Bxd6 Qf6 16. e5 Qg6 17. Bc2 Qh5 18. Qe3 Nge7 19. Qb6 Nd8 20. Bxe7 Kxe7 21. Qc7+ Ke8 22. Rxd8+ Rxd8 23. Qxb7 g5 24. Qxa6 g4 25. Qxb5+ Kf8 26. Qb4+ Kg7 27. Ne1 Qg5 28. Rb1 Rd2 29. Qe4 Rhd8 30. Qh7+ Kf8 31. Qh8+ Ke7 32. Qf6+ Qxf6 33. exf6+ Kxf6 34. b4 Ke5 35. b5 Kd4 36. f3 h5 37. b6 Ke3 38. Rb3+ Ke2 39. Rb1 f5 40. b7 Rb8 41. Bb3 e5 42. Bc4+ Ke3 43. a4 Rd7 44. Nc2+ Kd2 45. Na3 0-1

[Event "Madrid-ch Previa-A"]
[Site "Madrid"]
[Date "2022.03.16"]
[Round "6"]
[White "Esteban Amo, Jose M"]
[Black "Sanchez Liso, Juan Antonio"]
[Result "1-0"]
[WhiteElo "1874"]
[BlackElo "1418"]
[PlyCount "111"]
[EventDate "2022.03.07"]
[EventType "swiss"]
[EventRounds "9"]
[EventCountry "ESP"]
[SourceTitle "EXT 2023"]
[Source "ChessBase"]
[SourceDate "2022.10.05"]
[SourceVersion "1"]
[SourceVersionDate "2022.10.05"]
[SourceQuality "1"]

1. d4 Nf6 2. Nf3 g6 3. Bg5 Bg7 4. Nbd2 0-0 5. c3 d5 6. e3 Nbd7 7. Bd3 Re8 8. 0-0 e5 9. dxe5 Nxe5 10. Nxe5 Rxe5 11. Bf4 Re8 12. h3 c5 13. Nf3 Qb6 14. Rb1 Ne4 15. Qc1 Bf5 16. Nh4 Bd7 17. Nf3 Rac8 18. Nd2 Nxd2 19. Qxd2 Qf6 20. Rbd1 Bc6 21. Rfe1 Rcd8 22. Bf1 d4 23. exd4 Rxe1 24. Rxe1 cxd4 25. Bg5 Qd6 26. Bxd8 Qxd8 27. cxd4 Qd5 28. b3 a5 29. Rd1 Bf8 30. Qd3 b5 31. f3 Bd6 32. Qe3 Bb8 33. Qf2 h5 34. Bd3 Qg5 35. Be4 Bf4 36. h4 Qf6 37. Bxc6 Qxc6 38. g3 Bc7 39. Kg2 Bb6 40. Qe2 Bc7 41. d5 Qd6 42. f4 b4 43. Qe8+ Kg7 44. Qe5+ f6 45. Qxd6 Bxd6 46. Kf3 f5 47. Rc1 Kf7 48. Rc6 Ke7 49. Ke3 Kd7 50. Kd4 Ke7 51. Ra6 a4 52. bxa4 Kd7 53. Kc4 g5 54. hxg5 h4 55. Rxd6+ Kxd6 56. gxh4 1-0

[Event "Madrid-ch Previa-A"]
[Site "Madrid"]
[Date "2022.03.09"]
[Round "3"]
[White "Sanchez Liso, Juan Antonio"]
[Black "Maseda Iglesias, Luis"]
[Result "1-0"]
[WhiteElo "1418"]
[BlackElo "1735"]
[PlyCount "73"]
[EventDate "2022.03.07"]
[EventType "swiss"]
[EventRounds "9"]
[EventCountry "ESP"]
[SourceTitle "EXT 2023"]
[Source "ChessBase"]
[SourceDate "2022.10.05"]
[SourceVersion "1"]
[SourceVersionDate "2022.10.05"]
[SourceQuality "1"]

1. d4 e6 2. Bf4 f5 3. e3 Nf6 4. h4 c5 5. c3 Qb6 6. Qb3 Qxb3 7. axb3 b6 8. Bxb8 Rxb8 9. Rxa7 Bb7 10. Nd2 Bd6 11. Ngf3 0-0 12. Bb5 Bxf3 13. gxf3 Ra8 14. Ra4 Bc7 15. Ke2 Rxa4 16. bxa4 d6 17. h5 d5 18. dxc5 bxc5 19. Nb3 Bd6 20. Na5 c4 21. Nb7 Bc7 22. a5 Ra8 23. a6 Kf7 24. h6 g6 25. Ra1 Ke7 26. Bc6 Bb6 27. Bb5 Nd7 28. Na5 Nb8 29. Nc6+ Nxc6 30. Bxc6 Ra7 31. Bb7 Kd6 32. f4 Kc7 33. Rg1 Bc5 34. Rxg6 Bf8 35. Rg7+ Kb6 36. Rxh7 Rxb7 37. axb7 1-0